LEADER 04993 am 22005173u 450 001 996210306003316 005 20210309121301.0 035 $a(CKB)2670000000147676 035 $a(SSID)ssj0000986020 035 $a(PQKBManifestationID)11519196 035 $a(PQKBTitleCode)TC0000986020 035 $a(PQKBWorkID)10933501 035 $a(PQKB)11169919 035 $a(OCoLC)808385851 035 $a(WaSeSS)Ind00074686 035 $a(EXLCZ)992670000000147676 100 $a20160829h20122012 uy 0 101 0 $ager 135 $aurmn#nnn||||| 181 $ctxt$2rdacontent 182 $cc$2rdamedia 183 $acr$2rdacarrier 200 10$a"Ob dir es sauer wird mit deiner nahrung und ackerwerk, das lass dich nicht verdriessen, denn Gott hat es also geschaffen" $eGottfried Dietrich Wilhelm Berthold (1854-1937) ein beitrag zur geschichte der biologie an der Georgia Augusta Göttingen /$fKatharina Ruttig, Thomas Friedl, Volker Wissemann 210 1$aGo?ttingen :$cUniversitätsverlag Göttingen,$d2012. 210 4$d©2012 215 $a1 online resource (145 pages) $cillustrations; digital, PDF file(s) 311 08$aPrint version: 3863950224 320 $aIncludes bibliographical references and index. 330 $aGottfried Dietrich Wilhelm Berthold (1854-1937) was one the foremost botanists and phycologists at the end of the 19th century. Born and educated in Westphalia, he enrolled at the Georgia Augusta to study plant sciences and focused on algae. After research stays at the Zoological Station at Naples he succeeded his mentor Johannes Reinke on his chair at the Institute of Plant Physiology at the Georgia Augusta Go?ttingen until 1923. In this study we focus on the biography of Berthold, his private and scientific life, interaction with J. Reinke and other topics related to the life of Berthold. In a second part we highlight his research on algae at the Gulf of Naples. We conclude with an evaluation of his scientific work in the light of the different phases in his life including a full bibliography of his scientific publications. Our study contributes to history of science at the Georgia Augusta. 330 $aDer aus Westfalen stammende Gottfried Dietrich Wilhelm Berthold (1854- 1937) ist als Botaniker des 19. und beginnenden 20. Jahrhunderts eng mit der Geschichte der Georgia Augusta in Go?ttingen verwoben. Er hatte sich bereits als Student an der Universita?t Go?ttingen mit Algen bescha?ftigt und seine Dissertation dieser Thematik gewidmet. Nach Forschungsaufenthalten an der Zoologischen Station in Neapel, wo er intensiv Untersuchungen an Algen durchfu?hrte, habilitierte er sich 1881 in Go?ttingen bei Johannes Reinke. Spa?ter u?bernahm er dessen Professur fu?r Botanik sowie dessen Direktorat am Pflanzenphysiologischen Institut und widmete sich entwicklungsmechanischen bzw. physiologischen Fragen bei ho?heren Pflanzen. Die vorliegende Monografie untersucht erstmalig anhand der gegenwa?rtigen Forschungslage Leben und Wirken Bertholds. Bertholds Lebensgeschichte wird chronologisch und in gro?ßtmo?glicher Vollsta?ndigkeit dargestellt. Bildungsgeschichtliche Akzente, der personelle Konnex zu Johannes Reinke und der Einfluss der Zoologischen Station Neapel finden hier ebenso Platz wie die Rekonstruktion der Lehr- und Forschungsta?tigkeiten und der familia?ren Verha?ltnisse. Da Berthold vorrangig als Phykologe, also Algenkundler anzusehen ist, widmet sich der zweite Teil dem Forschungsschwerpunkt Algen. Dabei werden vor allem die meeresbiologischen Aspekte seiner Forschung am Golf von Neapel untersucht. Bertholds unterschiedliche Lebensstationen ko?nnen in Zusammenhang mit seinen Publikationen betrachtet werden, dieser Teil untersucht daher das wissenschaftliche Wirken Bertholds. Anhand der aktuellen Quellenlage wird der Bestand seiner Werke aufgearbeitet und katalogisiert. Die vollsta?ndige Bibliografie ermo?glicht die Bestimmung von Schwerpunkten in Bertholds wissenschaftlichen Untersuchungen. So bietet diese erste Monografie u?ber Gottfried D.W. Berthold ein Fundament fu?r die Beurteilung seines OEuvres und seiner Wirkung auf die Phykologie bzw. die Botanik. Sie ist eine angemessene Erinnerung an ihn und ermo?glicht eine gebu?hrende Wu?rdigung seines Wirkens. Die vorliegende Studie ist ein Beitrag zur Universita?ts- und Wissenschaftsgeschichte der Georgia Augusta. 606 $aBotanists$zGermany$vBiography 606 $aBotany$zGermany$xHistory 608 $bElectronic books. 615 0$aBotanists 615 0$aBotany$xHistory. 676 $a580.92 700 $aRuttig$b Katharina$0801263 702 $aFriedl$b Thomas$f1960-, 702 $aWissemann$b Volker 801 0$bPQKB 801 2$bAuAdUSA 801 2$bUkMaJRU 906 $aBOOK 912 $a996210306003316 996 $a"Ob dir es sauer wird mit deiner nahrung und ackerwerk, das lass dich nicht verdriessen, denn Gott hat es also geschaffen"$92265145 997 $aUNISA LEADER 04709nam 2200769 450 001 9910790883603321 005 20200520144314.0 010 $a1-68015-255-6 010 $a3-11-030687-5 010 $a3-11-030688-3 024 7 $a10.1515/9783110306873 035 $a(CKB)2550000001157388 035 $a(EBL)1094223 035 $a(OCoLC)862746602 035 $a(SSID)ssj0001040811 035 $a(PQKBManifestationID)11595587 035 $a(PQKBTitleCode)TC0001040811 035 $a(PQKBWorkID)11020259 035 $a(PQKB)11178903 035 $a(MiAaPQ)EBC1094223 035 $a(DE-B1597)207058 035 $a(OCoLC)979753651 035 $a(OCoLC)984662536 035 $a(OCoLC)987955968 035 $a(OCoLC)992540590 035 $a(OCoLC)999366085 035 $a(DE-B1597)9783110306873 035 $a(Au-PeEL)EBL1094223 035 $a(CaPaEBR)ebr10811298 035 $a(CaONFJC)MIL540434 035 $a(EXLCZ)992550000001157388 100 $a20130606h20132013 uy 0 101 0 $aeng 135 $aur|n|---||||| 181 $ctxt 182 $cc 183 $acr 200 00$aInorganic micro- and nanomaterials $esynthesis and characterization /$fedited by Angela Dibenedetto, Michele Aresta 210 1$aBerlin ;$aBoston :$cWalter de Gruyter GmbH & Company,$d[2013] 210 4$d©2013 215 $a1 online resource (232 p.) 300 $aDescription based upon print version of record. 311 $a3-11-030666-2 311 $a1-306-09183-7 320 $aIncludes bibliographical references and index. 327 $t Frontmatter -- $tList of contributing authors -- $tTable of Contents -- $tIntroduction: Nano- (and micro-)materials and human wellbeing -- $t1. Coating antibacterial nanoparticles on textiles: Towards the future hospital in which all textiles will be antibacterial / $rGedanken, Aharon / Perkas, Nina / Perelshtein, Ilana -- $t2. Automated solutions for high-throughput experimentation in heterogeneous catalyst research / $rBrancaleoni, Dario / Squassabia, Federico -- $t3. Insights from XPS on nanosized inorganic materials / $rMalitesta, Cosimino / Margapoti, Eleonora -- $t4. Single crystal and powder XRD techniques: An overview / $rAltomare, Angela / Cuocci, Corrado / Moliterni, Anna / Rizzi, Rosanna -- $t5. Structural and electronic characterization of nanosized inorganic materials by X-ray absorption spectroscopies / $rBorfecchia, Elisa / Agostini, Giovanni / Bordiga, Silvia / Groppo, Elena / Garino, Claudio / Gobetto, Roberto / Agostino, Angelo / Mino, Lorenzo / Truccato, Marco / Gianolio, Diego / Piovano, Andrea / Martinez-Criado, Gema / Salassa, Luca / Lamberti, Carlo -- $t6. Lens-less scanning X-raymicroscopy with SAXS and WAXS contrast / $rGiannini, Cinzia / Altamura, Davide / Aresta, Brunella Maria / Sibillano, Teresa / Siliqi, Dritan / De Caro, Liberato -- $t7. Characterization of inorganic nanostructured materials by electron microscopy / $rComparelli, Roberto / Fanizza, Elisabetta / Striccoli, Marinella / Curri, M. Lucia -- $t8. Nanosized particles: questioned for their potential toxicity, but some are applied in biomedicine / $rDibenedetto, Angela / Fasciano, Stefania / Colucci, Antonella / Aresta, Michele -- $tIndex 330 $aThe demand for new materials with novel properties on the micro- and nano-scale continues to grow. This book provides an overview of state-of-the-art techniques for the synthesis and characterization of inorganic nanomaterials including sonochemistry, microwave dielectric heating, sonoelectrochemistry and RAPET, high-throughput experimentation in heterogeneous catalyst research, photoluminescence, and methods for surface structuring. Imaging techniques include X-ray photoelectron spectroscopy, X-ray absorption spectroscopy, single crystal and powder X-ray diffraction, X-ray microimaging (SAXS,WAXS & GISAXS), electron microscopy, and solid state NMR. The work is essential reading for all researchers in academia and industry working in the field of nanosciences. 606 $aChemistry, Inorganic 606 $aNanostructured materials 610 $aElectron microscopy. 610 $aMaterials Science. 610 $aNanotechnology. 610 $aSolid-State NMR. 610 $aX-Ray Imaging Techniques. 615 0$aChemistry, Inorganic. 615 0$aNanostructured materials. 676 $a620.1/15 686 $aVE 9850$2rvk 701 $aAresta$b M$g(Michele),$f1940-$0847641 701 $aDibenedetto$b Angela$01104036 801 0$bMiAaPQ 801 1$bMiAaPQ 801 2$bMiAaPQ 906 $aBOOK 912 $a9910790883603321 996 $aInorganic micro- and nanomaterials$93674780 997 $aUNINA